[Event "European Senior Teams Chess Championship"]
[Site "Rogaska Slatina"]
[Date "2012.03.30"]
[Round "4.16"]
[White "Palmo, Pentti"]
[Black "Biller, Helmut Dr"]
[Result "1/2-1/2"]
[WhiteElo "2064"]
[BlackElo "2103"]
[PlyCount "53"]
[EventDate "2012.03.27"]
[WhiteTeam "FIN - TURKU"]
[BlackTeam "GER - OBERULSEL"]

1. e4 d6 2. d4 Nf6 3. Nc3 g6 4. f4 Bg7 5. Nf3 O-O 6. Bd3 Na6 7. O-O c5 8. d5
Bg4 9. Qe2 Nc7 10. a4 b6 11. Nb5 a6 12. Nxc7 Qxc7 13. c4 e6 14. h3 Bxf3 15.
Qxf3 exd5 16. exd5 Rfe8 17. f5 Rf8 18. Bg5 Rae8 19. Rae1 Qd7 20. b3 Rxe1 21.
Rxe1 Re8 22. Rf1 Rf8 23. Kh1 Qe7 24. Bh4 Qe5 25. Bg3 Qe7 26. Bh4 Qe5 27. Bg3
1/2-1/2

[Event "European Senior Teams Chess Championship"]
[Site "Rogaska Slatina"]
[Date "2012.03.30"]
[Round "4.16"]
[White "Escher, Helmut"]
[Black "Ranki, Martti"]
[Result "1/2-1/2"]
[WhiteElo "2120"]
[BlackElo "1915"]
[PlyCount "23"]
[EventDate "2012.03.27"]
[WhiteTeam "GER - OBERULSEL"]
[BlackTeam "FIN - TURKU"]

1. Nf3 d5 2. d4 Nf6 3. Bf4 e6 4. e3 c5 5. c3 Nc6 6. Bd3 Bd6 7. Bxd6 Qxd6 8.
Nbd2 O-O 9. O-O e5 10. Nxe5 Nxe5 11. dxe5 Qxe5 12. Nf3 1/2-1/2

[Event "European Senior Teams Chess Championship"]
[Site "Rogaska Slatina"]
[Date "2012.03.30"]
[Round "4.17"]
[White "Dogantug, Ahmet Ismail"]
[Black "Dahl, Ivar M"]
[Result "0-1"]
[WhiteElo "2155"]
[BlackElo "2146"]
[PlyCount "142"]
[EventDate "2012.03.27"]
[WhiteTeam "TUR"]
[BlackTeam "NOR 5"]

1. e4 e6 2. d4 d5 3. Nc3 Bb4 4. Nge2 dxe4 5. a3 Bxc3+ 6. Nxc3 Nc6 7. Bb5 Nge7
8. Bg5 f6 9. Be3 O-O 10. Qd2 f5 11. O-O-O a6 12. Bxc6 Nxc6 13. f3 exf3 14. gxf3
Qh4 15. Rhg1 f4 16. Bf2 Qh3 17. d5 Ne5 18. Bd4 Ng6 19. Qe2 e5 20. Rxg6 hxg6 21.
Qxe5 Qd7 22. Rg1 Rf5 23. Qe4 Qf7 24. h4 Bd7 25. Qd3 Re8 26. b3 Bb5 27. Qd2 Bd7
28. Qg2 Rh5 29. Qxg6 Qxg6 30. Rxg6 Re7 31. Rg2 Rxh4 32. Ne4 Rh1+ 33. Kb2 Bf5
34. d6 cxd6 35. Nxd6 Bh3 36. Rg5 Rh2 37. Ne4 Rc7 38. Bc3 Rg2 39. Rh5 Be6 40.
Re5 Bc8 41. Re8+ Kh7 42. Nd6 Bh3 43. Rf8 Re7 44. Ne4 Bd7 45. Rxf4 Bc6 46. Bd4
Bxe4 47. fxe4 g5 48. Rf6 Rxe4 49. Kc3 Re7 50. Kd3 g4 51. c3 Rg3+ 52. Kc4 Rf3
53. Rd6 g3 54. Rd8 Kg6 55. a4 Kf5 56. Rg8 Re6 57. Rf8+ Kg4 58. Rg8+ Kh3 59. Kd5
Rh6 60. Ke4 Rf7 61. Be5 Rh4+ 62. Ke3 Rg4 63. Rh8+ Kg2 64. Bd4 Re7+ 65. Kd3 Kf3
66. Rf8+ Rf4 67. Rg8 g2 68. b4 Rd7 69. b5 axb5 70. axb5 Rdxd4+ 71. cxd4 Rg4 0-1

[Event "European Senior Teams Chess Championship"]
[Site "Rogaska Slatina"]
[Date "2012.03.30"]
[Round "4.17"]
[White "Mundal, Arnold"]
[Black "Pekun, Cem"]
[Result "1/2-1/2"]
[WhiteElo "2013"]
[BlackElo "2127"]
[PlyCount "110"]
[EventDate "2012.03.27"]
[WhiteTeam "NOR 5"]
[BlackTeam "TUR"]

1. Nf3 Nf6 2. g3 g6 3. Bg2 Bg7 4. O-O c5 5. c4 Nc6 6. Nc3 O-O 7. b3 d6 8. Bb2
e5 9. Ng5 h6 10. Nge4 Nxe4 11. Bxe4 Bh3 12. Bg2 Bxg2 13. Kxg2 f5 14. e3 Qd7 15.
Nd5 f4 16. f3 fxg3 17. hxg3 Rf7 18. Qc2 Kh7 19. Rg1 Raf8 20. Raf1 Rf5 21. Qe4
Nd8 22. Rh1 Ne6 23. f4 exf4 24. Bxg7 Kxg7 25. gxf4 g5 26. Kf2 gxf4 27. Ke1 Ng5
28. Qg2 f3 29. Qh2 Qe6 30. Kd1 Qg6 31. Ne7 Qe6 32. Nxf5+ Rxf5 33. Kc1 Rf6 34.
Qh4 a6 35. Rhg1 b5 36. Qg4 Qe5 37. Kb1 Kh7 38. Rg3 bxc4 39. Rgxf3 Rxf3 40. Rxf3
Nxf3 41. Qxf3 cxb3 42. axb3 Kg6 43. Qg4+ Kf6 44. Qh4+ Qg5 45. Qa4 h5 46. Qxa6
Qe5 47. Qa8 h4 48. Qf8+ Kg5 49. Qg8+ Kh5 50. Qg2 Qg3 51. Qd5+ Kg4 52. Qe4+ Kg5
53. Qe7+ Kf5 54. Qh7+ Ke5 55. Qe7+ Kf5 1/2-1/2

[Event "European Senior Teams Chess Championship"]
[Site "Rogaska Slatina"]
[Date "2012.03.30"]
[Round "4.17"]
[White "Ulker, Ates"]
[Black "Fossum, Widar"]
[Result "1-0"]
[WhiteElo "2068"]
[BlackElo "2040"]
[PlyCount "83"]
[EventDate "2012.03.27"]
[WhiteTeam "TUR"]
[BlackTeam "NOR 5"]

1. e4 e6 2. d4 b6 3. Nf3 Bb7 4. Bd3 Nf6 5. Qe2 Be7 6. e5 Nd5 7. a3 c5 8. c4 Nc7
9. Be4 Qc8 10. Nc3 cxd4 11. Nxd4 Nc6 12. Nxc6 Bxc6 13. Bxc6 dxc6 14. Qg4 g6 15.
Bh6 f5 16. exf6 Bxf6 17. Ne4 Be7 18. O-O-O e5 19. Qxc8+ Rxc8 20. Bg7 Rg8 21.
Bxe5 Ne6 22. Rhe1 Rd8 23. Bf6 Rxd1+ 24. Kxd1 Kf7 25. Bxe7 Kxe7 26. Ng5 Rd8+ 27.
Kc2 Rd6 28. Rxe6+ Rxe6 29. Nxe6 Kxe6 30. Kd3 Ke5 31. Ke3 c5 32. f4+ Kf5 33. Kf3
h5 34. g3 a6 35. a4 Kf6 36. Ke4 Ke6 37. h3 Kf6 38. g4 hxg4 39. hxg4 Ke6 40. g5
Kd6 41. f5 gxf5+ 42. Kxf5 1-0

[Event "European Senior Teams Chess Championship"]
[Site "Rogaska Slatina"]
[Date "2012.03.30"]
[Round "4.17"]
[White "Bergersen, Per A"]
[Black "Muratoglu, Salih"]
[Result "1/2-1/2"]
[WhiteElo "1991"]
[BlackElo "2055"]
[PlyCount "73"]
[EventDate "2012.03.27"]
[WhiteTeam "NOR 5"]
[BlackTeam "TUR"]

1. c4 Nf6 2. Nf3 g6 3. b4 Bg7 4. Bb2 b6 5. g3 Bb7 6. Bg2 O-O 7. O-O d6 8. Qb3
Nbd7 9. d3 e5 10. Nbd2 Qe7 11. a4 a5 12. bxa5 Rxa5 13. Bc3 Nc5 14. Qc2 e4 15.
Nh4 exd3 16. exd3 Bxg2 17. Rfe1 Qd7 18. Kxg2 Rxa4 19. Rxa4 Nxa4 20. Ba1 Qc6+
21. Kg1 Ra8 22. Ng2 Qc5 23. Bxf6 Bxf6 24. Ne4 Qf5 25. Ne3 Qf3 26. Nd5 Bd8 27.
Ra1 b5 28. cxb5 Nb6 29. Rxa8 Nxa8 30. Qc6 Qxd3 31. Ndf6+ Kg7 32. Qxa8 Bxf6 33.
Nxf6 Kxf6 34. Qd8+ Ke6 35. Qe8+ Kf6 36. Qd8+ Kg7 37. Qxc7 1/2-1/2

[Event "European Senior Teams Chess Championship"]
[Site "Rogaska Slatina"]
[Date "2012.03.30"]
[Round "4.18"]
[White "Jones, Iolo C"]
[Black "Grahn, Lars"]
[Result "1-0"]
[WhiteElo "2246"]
[BlackElo "2058"]
[PlyCount "119"]
[EventDate "2012.03.27"]
[WhiteTeam "WLS"]
[BlackTeam "SWE 3"]

1. d4 f5 2. e4 fxe4 3. Nc3 Nf6 4. Bg5 c6 5. Bxf6 exf6 6. Nxe4 d5 7. Nc3 Bb4 8.
Bd3 Qe7+ 9. Nge2 Bg4 10. O-O O-O 11. Qd2 Bxe2 12. Bxe2 Nd7 13. Rfe1 Qf7 14. Qf4
Rfe8 15. Bg4 Nf8 16. Bf5 Rxe1+ 17. Rxe1 Re8 18. Re3 Rxe3 19. Qxe3 g6 20. Bh3
Bxc3 21. Qxc3 Qe7 22. g3 Kf7 23. Bf1 Ne6 24. h4 Qc7 25. Qd2 Ng7 26. c3 Ne8 27.
Qh6 Kg8 28. Qe3 Kf7 29. h5 Ng7 30. Qh6 Nxh5 31. Qxh7+ Ng7 32. Bd3 f5 33. Qh6
Qd6 34. Kg2 b5 35. b4 Ne8 36. Qh7+ Ng7 37. Qh8 Ne8 38. Qh6 Nf6 39. f3 Nh5 40.
Qg5 Ng7 41. Kf2 Ne8 42. Qe3 Nf6 43. Bc2 Nd7 44. Qh6 Nf6 45. a4 a6 46. a5 Nh5
47. Qg5 Nf6 48. Bd3 Nd7 49. Qh6 Nf6 50. g4 Ke7 51. gxf5 gxf5 52. Qe3+ Ne4+ 53.
fxe4 Qh2+ 54. Ke1 dxe4 55. Qg5+ Kd6 56. Be2 Qh3 57. Kd2 Qh7 58. Bh5 f4 59.
Qxf4+ Kd7 60. Bg4+ 1-0

[Event "European Senior Teams Chess Championship"]
[Site "Rogaska Slatina"]
[Date "2012.03.30"]
[Round "4.18"]
[White "Andersson, Kaj"]
[Black "Miles, Richard"]
[Result "1/2-1/2"]
[WhiteElo "2058"]
[BlackElo "2083"]
[PlyCount "43"]
[EventDate "2012.03.27"]
[WhiteTeam "SWE 3"]
[BlackTeam "WLS"]

1. e4 c5 2. Nf3 g6 3. d4 cxd4 4. Nxd4 Bg7 5. Be2 Nc6 6. c3 Nf6 7. Nd2 O-O 8.
O-O d5 9. exd5 Nxd5 10. N2b3 e5 11. Nxc6 bxc6 12. c4 Nb4 13. Be3 Qxd1 14. Raxd1
Re8 15. Na5 e4 16. Rd2 Nxa2 17. Nxc6 a5 18. Ra1 Bb7 19. Rxa2 Bxc6 20. Bb6 a4
21. c5 Be5 22. Bc4 1/2-1/2

[Event "European Senior Teams Chess Championship"]
[Site "Rogaska Slatina"]
[Date "2012.03.30"]
[Round "4.18"]
[White "Van Kemenade, Rudy"]
[Black "Andersson, Sven-Olof"]
[Result "1-0"]
[WhiteElo "1984"]
[BlackElo "2037"]
[PlyCount "75"]
[EventDate "2012.03.27"]
[WhiteTeam "WLS"]
[BlackTeam "SWE 3"]

1. e4 c5 2. Nf3 e6 3. d3 Nc6 4. g3 g6 5. Bg2 Bg7 6. O-O Nge7 7. Re1 O-O 8. c3
Qc7 9. h4 d6 10. d4 b6 11. d5 exd5 12. exd5 Nd8 13. c4 Ba6 14. Qa4 Bc8 15. Nc3
Nf5 16. Bf4 Bd7 17. Qc2 Nd4 18. Nxd4 cxd4 19. Ne4 Nb7 20. Rac1 Bf5 21. Qd2 Bxe4
22. Bxe4 Nc5 23. Bf3 a5 24. b3 Rfe8 25. Kg2 Qd7 26. Rb1 f5 27. h5 Bf6 28. hxg6
hxg6 29. Re6 Nxe6 30. dxe6 Qe7 31. Bxa8 Rxa8 32. Qe2 Re8 33. Re1 g5 34. Bc1 Rc8
35. Qf3 Rc5 36. Qa8+ Kg7 37. Rh1 Kg6 38. Qg8+ 1-0

[Event "European Senior Teams Chess Championship"]
[Site "Rogaska Slatina"]
[Date "2012.03.30"]
[Round "4.18"]
[White "Johansson, Per"]
[Black "Gilbert, Colin"]
[Result "1/2-1/2"]
[WhiteElo "2031"]
[BlackElo "1795"]
[PlyCount "55"]
[EventDate "2012.03.27"]
[WhiteTeam "SWE 3"]
[BlackTeam "WLS"]

1. d4 Nf6 2. Nf3 e6 3. c4 c5 4. d5 exd5 5. cxd5 d6 6. Nc3 g6 7. g3 Bg7 8. Bg2
O-O 9. O-O a6 10. a4 b6 11. Nd2 Nfd7 12. f4 Bd4+ 13. Kh1 f5 14. Nf3 Bg7 15. e4
fxe4 16. Nxe4 Nf6 17. Re1 Nxe4 18. Rxe4 Bf5 19. Re1 Re8 20. Ra3 Ra7 21. Ng5
Rae7 22. Ne6 Kh8 23. Rae3 Qd7 24. Nxg7 Kxg7 25. Qb3 Rxe3 26. Rxe3 Rxe3 27. Qxe3
Kf7 28. Qc3 1/2-1/2

[Event "European Senior Teams Chess Championshi"]
[Site "Rogaska Slatina"]
[Date "2012.03.30"]
[Round "4.19"]
[White "Mckerracher, Douglas"]
[Black "Steedman, James"]
[Result "0-1"]
[WhiteElo "2015"]
[BlackElo "2129"]
[PlyCount "76"]
[EventDate "2012.03.27"]
[WhiteTeam "SCO 2"]
[BlackTeam "NOR 2"]

1. e4 c5 2. Nc3 Nc6 3. g3 g6 4. Bg2 Bg7 5. d3 d6 6. f4 e6 7. Nf3 Nge7 8. O-O
O-O 9. Be3 Rb8 10. Rb1 b5 11. h3 b4 12. Ne2 Ba6 13. Rf2 Qd7 14. d4 Bxe2 15.
Rxe2 cxd4 16. Nxd4 Na5 17. Qd3 d5 18. e5 Nc4 19. Bf2 Rfc8 20. g4 Nc6 21. Nxc6
Rxc6 22. Bd4 Ra6 23. b3 Na3 24. Qxa6 Nxb1 25. Bf1 Bf8 26. Re1 Nc3 27. Bxc3 bxc3
28. Qd3 Qc7 29. Qf3 Rb4 30. Bd3 Bh6 31. f5 Bd2 32. Re2 Rf4 33. Qg3 Qc5+ 34. Kg2
g5 35. a4 a5 36. h4 Qd4 37. Kh3 Rf1 38. Qg2 Qf4 0-1

[Event "European Senior Teams Chess Championship"]
[Site "Rogaska Slatina"]
[Date "2012.03.30"]
[Round "4.19"]
[White "Hauge, Tor Arne"]
[Black "Marks, Ian A"]
[Result "1-0"]
[WhiteElo "2124"]
[BlackElo "1891"]
[PlyCount "109"]
[EventDate "2012.03.27"]
[WhiteTeam "NOR 2"]
[BlackTeam "SCO 2"]

1. b3 e5 2. Bb2 Nc6 3. e3 Nf6 4. Ne2 d5 5. g3 Bd6 6. Bg2 Be6 7. O-O Qd7 8. d4
Bh3 9. c4 e4 10. Nbc3 h5 11. cxd5 Nb4 12. Ba3 h4 13. Nxe4 hxg3 14. Nxd6+ cxd6
15. fxg3 Bxg2 16. Rf2 Ng4 17. Rxg2 Nxe3 18. Qb1 Nxg2 19. Bxb4 Qb5 20. Qe4+ Kd7
21. Kxg2 Qxb4 22. Rf1 f6 23. Qg4+ Kc7 24. Qxg7+ Kb6 25. Rxf6 Rag8 26. Qe7 Rd8
27. Rf7 Ka6 28. Nf4 Rde8 29. Qd7 Qd2+ 30. Kf3 Qd1+ 31. Kg2 Qd2+ 32. Kf3 Re3+
33. Kg4 Rg8+ 34. Kf5 Qb4 35. a3 Qxb3 36. Qxd6+ Qb6 37. Qxb6+ Kxb6 38. a4 Rh8
39. d6 Rf3 40. Ke4 Rxf4+ 41. Rxf4 Rxh2 42. Ke5 Kc6 43. d5+ Kd7 44. Rf7+ Kd8 45.
Rf4 Kd7 46. g4 Rh8 47. Rf7+ Kc8 48. g5 Rh2 49. g6 Re2+ 50. Kd4 Rd2+ 51. Kc4 Rg2
52. g7 Rg4+ 53. Kc5 b6+ 54. Kb5 Kb8 55. Kc6 1-0

[Event "European Senior Teams Chess Championship"]
[Site "Rogaska Slatina"]
[Date "2012.03.30"]
[Round "4.19"]
[White "Smith, Stephen H"]
[Black "Taksrud, Vidar"]
[Result "0-1"]
[WhiteElo "1855"]
[BlackElo "2075"]
[PlyCount "72"]
[EventDate "2012.03.27"]
[WhiteTeam "SCO 2"]
[BlackTeam "NOR 2"]

1. e4 d5 2. exd5 Nf6 3. Nf3 Nxd5 4. d4 g6 5. Be2 Bg7 6. O-O O-O 7. c4 Nb6 8. h3
Nc6 9. Be3 Bf5 10. Nc3 Na5 11. b3 c5 12. Rc1 cxd4 13. Nxd4 Bd7 14. Qd2 Nc6 15.
Rfd1 e5 16. Ndb5 Be6 17. Qxd8 Raxd8 18. Nxa7 Nd4 19. Nab5 Rd7 20. Bf1 Rfd8 21.
c5 Nc8 22. Bxd4 exd4 23. Ne4 Bd5 24. Ned6 Nxd6 25. Nxd6 Ra8 26. Rc2 b6 27. Bb5
Rdd8 28. Bc4 Bxc4 29. Rxc4 bxc5 30. Nb7 Rd5 31. Nxc5 Rxa2 32. Nd3 Ra3 33. Rc8+
Bf8 34. Nb4 Rf5 35. Rxd4 Kg7 36. g4 Rb5 0-1

[Event "European Senior Teams Chess Championship"]
[Site "Rogaska Slatina"]
[Date "2012.03.30"]
[Round "4.19"]
[White "Sollid, Stein"]
[Black "Flockhart, Hugh"]
[Result "1-0"]
[WhiteElo "2018"]
[BlackElo "1845"]
[PlyCount "102"]
[EventDate "2012.03.27"]
[WhiteTeam "NOR 2"]
[BlackTeam "SCO 2"]

1. e4 d5 2. exd5 Nf6 3. d4 Bg4 4. Be2 Bxe2 5. Nxe2 Qxd5 6. O-O e6 7. Nbc3 Qd7
8. Bg5 Be7 9. Qd3 O-O 10. Rad1 c6 11. f4 Na6 12. a3 Nc7 13. Ne4 Qd8 14. N2g3 b6
15. c4 Nce8 16. f5 h6 17. Bxf6 Bxf6 18. Nh5 exf5 19. Rxf5 Be7 20. Rf3 f5 21.
Neg3 Nd6 22. Nxf5 Nxf5 23. Rxf5 Qd7 24. Rdf1 Rxf5 25. Rxf5 Rd8 26. d5 cxd5 27.
Rxd5 Bc5+ 28. Kh1 Bd6 29. h3 Qe6 30. Qd1 Qe4 31. b4 Kh7 32. Qd3 Qxd3 33. Rxd3
Bc7 34. Rxd8 Bxd8 35. Nf4 a5 36. Ne6 Be7 37. bxa5 bxa5 38. c5 Kg8 39. c6 Bd6
40. c7 Bxc7 41. Nxc7 Kf7 42. Kh2 Ke7 43. Kg3 Kd7 44. Na6 Kc6 45. Kg4 g6 46. h4
Kb5 47. h5 g5 48. Kf5 Ka4 49. Kg6 Kxa3 50. Kxh6 Kb3 51. Kxg5 Kc4 1-0

[Event "European Senior Teams Chess Championship"]
[Site "Rogaska Slatina"]
[Date "2012.03.30"]
[Round "4.20"]
[White "Danner, Lambert"]
[Black "Gustavsson, Sture"]
[Result "1-0"]
[WhiteElo "2090"]
[BlackElo "2018"]
[PlyCount "151"]
[EventDate "2012.03.27"]
[WhiteTeam "AUT - WIEN 2"]
[BlackTeam "SWE 4"]

1. g3 Nf6 2. Bg2 g6 3. c4 Bg7 4. Nc3 d6 5. Nf3 O-O 6. d4 Nbd7 7. O-O e5 8. b3
Re8 9. Qc2 exd4 10. Nxd4 Nc5 11. Bb2 a5 12. Rad1 c6 13. Rfe1 Qb6 14. h3 a4 15.
e3 axb3 16. axb3 Nfd7 17. Nce2 f5 18. Nc1 Nf6 19. Qb1 Be6 20. Nxe6 Rxe6 21. Bd4
Qb4 22. Qb2 Ne8 23. Bxg7 Nxg7 24. Qd2 Qxd2 25. Rxd2 Ne8 26. b4 Ne4 27. Rb2 Ra4
28. Nd3 Nc7 29. Rd1 Ne8 30. Rc1 Kf7 31. b5 Re7 32. bxc6 bxc6 33. Rb6 c5 34. Rc2
h6 35. Bf3 Rea7 36. g4 N8f6 37. gxf5 gxf5 38. Nf4 R4a6 39. Rb8 Rd7 40. Rh8 Kg7
41. Rc8 Ra1+ 42. Kg2 Kh7 43. Ne6 Re7 44. Rc7 Rxc7 45. Nxc7 Kg6 46. Bxe4 Nxe4
47. f3 Ng5 48. Rd2 Nf7 49. Nb5 Ra8 50. Kg3 Kf6 51. Kf4 Rd8 52. Rd5 Ng5 53. Nxd6
Nxh3+ 54. Kg3 Ng5 55. f4 Nf7 56. Rxf5+ Ke6 57. Rxf7 Rxd6 58. Rh7 Kf5 59. Kf3
Rc6 60. e4+ Kg6 61. Rd7 Kf6 62. e5+ Ke6 63. Rh7 Kf5 64. Rf7+ Kg6 65. Rf8 Kg7
66. Rd8 h5 67. Rd7+ Kg6 68. Rd6+ Rxd6 69. exd6 Kf6 70. Kg3 Ke6 71. Kh4 Kxd6 72.
Kxh5 Ke6 73. Kg6 Ke7 74. Kf5 Kf7 75. Ke5 Ke7 76. Kd5 1-0

[Event "European Senior Teams Chess Championship"]
[Site "Rogaska Slatina"]
[Date "2012.03.30"]
[Round "4.20"]
[White "Teichmeister, Sven"]
[Black "Sandklef, Ake"]
[Result "1-0"]
[WhiteElo "2039"]
[BlackElo "1993"]
[PlyCount "53"]
[EventDate "2012.03.27"]
[WhiteTeam "AUT - WIEN 2"]
[BlackTeam "SWE 4"]

1. e4 c5 2. Nc3 e6 3. f4 Ne7 4. Nf3 d5 5. Bb5+ Bd7 6. Bxd7+ Nxd7 7. exd5 Nxd5
8. Nxd5 exd5 9. O-O Be7 10. b3 O-O 11. Bb2 Nf6 12. Ne5 Qb6 13. d3 Rad8 14. Qf3
d4 15. Rae1 Nd5 16. Nc4 Qc7 17. a4 b6 18. Bc1 f5 19. Bd2 Bf6 20. Re6 Qd7 21.
Rfe1 Ne3 22. Rd6 Nxc4 23. Rxd7 Nxd2 24. Qd5+ Kh8 25. Rxd8 Bxd8 26. Qf7 Rg8 27.
Re8 1-0

[Event "European Senior Teams Chess Championship"]
[Site "Rogaska Slatina"]
[Date "2012.03.30"]
[Round "4.20"]
[White "Nilsson, Weine"]
[Black "Titz, Herbert"]
[Result "1-0"]
[WhiteElo "1965"]
[BlackElo "2024"]
[PlyCount "33"]
[EventDate "2012.03.27"]
[WhiteTeam "SWE 4"]
[BlackTeam "AUT - WIEN 2"]

1. e4 e5 2. Nf3 d6 3. d4 exd4 4. Nxd4 g6 5. Be3 Bg7 6. Nc3 Nf6 7. f3 O-O 8. Qd2
Re8 9. O-O-O Nc6 10. g4 Nxd4 11. Bxd4 Be6 12. h4 c5 13. Be3 Qa5 14. a3 Red8 15.
Kb1 a6 16. Bh6 Bh8 17. Nd5 1-0

[Event "European Senior Teams Chess Championship"]
[Site "Rogaska Slatina"]
[Date "2012.03.30"]
[Round "4.21"]
[White "Strand, Oyvin"]
[Black "Pesec, Franc"]
[Result "0-1"]
[WhiteElo "1988"]
[BlackElo "2116"]
[PlyCount "136"]
[EventDate "2012.03.27"]
[WhiteTeam "NOR 3"]
[BlackTeam "SLO - CELJE"]

1. d4 Nf6 2. e3 g6 3. Nf3 Bg7 4. b3 O-O 5. Bb2 d5 6. Bd3 Nc6 7. a3 Ne4 8. Nbd2
f5 9. O-O e6 10. c4 g5 11. Ne1 Ne7 12. f3 Nxd2 13. Qxd2 Ng6 14. Nc2 c6 15. Rad1
Bd7 16. e4 dxe4 17. fxe4 Nf4 18. e5 Be8 19. Bc3 Bh5 20. Rde1 Bh6 21. Ne3 g4 22.
Bc2 Qg5 23. Qf2 Rad8 24. b4 Ng6 25. g3 f4 26. Ng2 fxg3 27. Qxg3 Rf3 28. Rxf3
gxf3 29. Qxg5 Bxg5 30. Bxg6 hxg6 31. h4 Be7 32. Nf4 f2+ 33. Kxf2 Bxh4+ 34. Kf1
Bxe1 35. Kxe1 Kf7 36. Kf2 Bd1 37. d5 Bg4 38. d6 Bf5 39. Bd4 b6 40. a4 Ke8 41.
c5 Rb8 42. Kg3 b5 43. a5 Kf7 44. Be3 Rh8 45. Ne2 Rh3+ 46. Kf2 Rh2+ 47. Ke1 Be4
48. Bg5 Ke8 49. Nd4 Kd7 50. Ne2 Rg2 51. Bd2 g5 52. Be3 Bd3 53. Bf2 Bxe2 54.
Kxe2 Rg4 55. Be1 Re4+ 56. Kf2 Rxe5 57. Bd2 g4 58. Bc3 Rd5 59. Be1 e5 60. Ke3
Ke6 61. Bh4 Rd1 62. Ke2 Rd4 63. Be1 Kf5 64. Bc3 Rd5 65. Be1 e4 66. Bg3 Rd3 67.
Be1 g3 68. Bd2 g2 0-1

[Event "European Senior Teams Chess Championship"]
[Site "Rogaska Slatina"]
[Date "2012.03.30"]
[Round "4.21"]
[White "Henrichsen, Erland"]
[Black "Gazvoda, Franc"]
[Result "0-1"]
[WhiteElo "1978"]
[BlackElo "2075"]
[PlyCount "60"]
[EventDate "2012.03.27"]
[WhiteTeam "NOR 3"]
[BlackTeam "SLO - CELJE"]

1. d4 d5 2. Nf3 Nf6 3. e3 e6 4. Bd3 c5 5. b3 Nc6 6. Bb2 Bd6 7. Nbd2 O-O 8. O-O
Re8 9. Ne5 cxd4 10. exd4 Nb4 11. Be2 Qc7 12. a3 Nc6 13. Ndf3 Nd7 14. Nxd7 Bxd7
15. Re1 Ne7 16. Bd3 Ng6 17. g3 Rac8 18. h4 Bxg3 19. fxg3 Qxg3+ 20. Kh1 Nxh4 21.
Nxh4 Qxh4+ 22. Kg2 e5 23. Re3 e4 24. Be2 Re6 25. Rg3 Rh6 26. Qh1 Qxg3+ 27. Kxg3
Rxh1 28. Rxh1 Rxc2 29. Rc1 Rxb2 30. Rc7 Rxb3+ 0-1

[Event "European Senior Teams Chess Championship"]
[Site "Rogaska Slatina"]
[Date "2012.03.30"]
[Round "4.22"]
[White "Scholes, James E"]
[Black "Niebuhr, Gerd"]
[Result "1/2-1/2"]
[WhiteElo "2100"]
[BlackElo "2079"]
[PlyCount "37"]
[EventDate "2012.03.27"]
[WhiteTeam "ENG 3"]
[BlackTeam "GER - FREIBAUER"]

1. c4 Nf6 2. Nc3 d5 3. cxd5 Nxd5 4. g3 c5 5. Bg2 Nc7 6. d3 e5 7. Nf3 Nc6 8. O-O
Be7 9. Be3 O-O 10. Rc1 Ne6 11. Na4 Qa5 12. Nd2 Bd7 13. Nc4 Qc7 14. Nc3 Rac8 15.
Nd5 Qd8 16. Bd2 Re8 17. Bc3 f6 18. a4 b6 19. b3 1/2-1/2

[Event "European Senior Teams Chess Championship"]
[Site "Rogaska Slatina"]
[Date "2012.03.30"]
[Round "4.22"]
[White "Hellwege, Werner"]
[Black "Kendall, Paul S N"]
[Result "0-1"]
[WhiteElo "2029"]
[BlackElo "2042"]
[PlyCount "88"]
[EventDate "2012.03.27"]
[WhiteTeam "GER - FREIBAUER"]
[BlackTeam "ENG 3"]

1. d4 Nf6 2. Nf3 e6 3. g3 b6 4. Bg2 Bb7 5. O-O Be7 6. c4 O-O 7. Nc3 d6 8. Qc2
c5 9. e4 cxd4 10. Nxd4 Qc8 11. b3 Nc6 12. Rd1 a6 13. Bb2 Rd8 14. Rac1 Nxd4 15.
Rxd4 Qc7 16. Qe2 Rac8 17. Rdd1 Qb8 18. Na4 Bc6 19. e5 dxe5 20. Rxd8+ Bxd8 21.
Bxc6 Rxc6 22. Bxe5 Qc8 23. Rd1 Be7 24. Qd3 h6 25. Qd4 b5 26. cxb5 axb5 27. Nb6
Qa6 28. Nd7 Nxd7 29. Qxd7 Bf8 30. Rd2 b4 31. Kg2 Rc5 32. Bd6 Qa8+ 33. f3 Rd5
34. Rxd5 Qxd5 35. Qc8 Qxd6 36. Qc2 Qc5 37. Qe2 Be7 38. Qd2 Qc3 39. Qe2 g6 40.
Kh3 Kg7 41. Kg2 Bf6 42. Kh3 h5 43. Qe4 Qd2 44. Qa8 Qe2 0-1

[Event "European Senior Teams Chess Championship"]
[Site "Rogaska Slatina"]
[Date "2012.03.30"]
[Round "4.22"]
[White "Scowen, Roger S"]
[Black "Juergens, Peter"]
[Result "1/2-1/2"]
[WhiteElo "1943"]
[BlackElo "1993"]
[PlyCount "38"]
[EventDate "2012.03.27"]
[WhiteTeam "ENG 3"]
[BlackTeam "GER - FREIBAUER"]

1. e4 e6 2. d4 d5 3. Nc3 Bb4 4. e5 c5 5. a3 Bxc3+ 6. bxc3 Ne7 7. Nf3 Nbc6 8.
Be3 Qa5 9. Qd2 cxd4 10. cxd4 Qxd2+ 11. Bxd2 Bd7 12. Bd3 O-O 13. O-O Rfc8 14.
Rfb1 Rc7 15. g4 Nc8 16. Rb3 Nb6 17. Rab1 Rb8 18. Rc3 Na4 19. Rcb3 Nb6 1/2-1/2

[Event "European Senior Teams Chess Championship"]
[Site "Rogaska Slatina"]
[Date "2012.03.30"]
[Round "4.22"]
[White "Fritsch, Juergen Dr"]
[Black "Wood, Peter R"]
[Result "0-1"]
[WhiteElo "1979"]
[BlackElo "1890"]
[PlyCount "88"]
[EventDate "2012.03.27"]
[WhiteTeam "GER - FREIBAUER"]
[BlackTeam "ENG 3"]

1. e4 e6 2. c4 d5 3. exd5 exd5 4. d4 Nf6 5. Nc3 Be6 6. Qa4+ Qd7 7. Qxd7+ Nbxd7
8. c5 c6 9. b4 Ne4 10. Bd2 Be7 11. Bd3 Nxc3 12. Bxc3 O-O 13. Nf3 a6 14. O-O Nf6
15. Rfe1 Rfe8 16. Ne5 Rad8 17. Re3 Ne4 18. Be1 Bg5 19. Re2 Bf5 20. Nf3 Bf6 21.
Rd1 Bg4 22. h3 Bxf3 23. gxf3 Ng5 24. Kg2 Rxe2 25. Bxe2 Ne6 26. Bc3 Nf4+ 27. Kf1
Re8 28. Bd3 g6 29. a4 Nxh3 30. Kg2 Nf4+ 31. Kg3 Ne2+ 32. Bxe2 Rxe2 33. Rd3 Kf8
34. a5 Ra2 35. Bd2 Rc2 36. Bh6+ Ke8 37. Bd2 Kd7 38. Kg4 h5+ 39. Kf4 Bh4 40. Ke3
Ke6 41. Ke2 Bg5 42. Re3+ Bxe3 43. fxe3 h4 44. Kd3 Rxd2+ 0-1

[Event "European Senior Teams Chess Championship"]
[Site "Rogaska Slatina"]
[Date "2012.03.30"]
[Round "4.23"]
[White "Johnsen, Oystein"]
[Black "Patola, Eero"]
[Result "1-0"]
[WhiteElo "1899"]
[BlackElo "1930"]
[PlyCount "107"]
[EventDate "2012.03.27"]
[WhiteTeam "NOR 4"]
[BlackTeam "FIN - HELSINKI"]

1. d4 f5 2. Nc3 Nf6 3. Bg5 g6 4. f3 Bg7 5. Qd2 d6 6. e3 c6 7. a4 Qa5 8. Bd3 Na6
9. Ra3 Nb4 10. Nge2 Nxd3+ 11. cxd3 O-O 12. O-O Bd7 13. e4 c5 14. Be3 b6 15. d5
Qa6 16. d4 fxe4 17. dxc5 exf3 18. Rxf3 bxc5 19. h3 Rab8 20. Bh6 Nh5 21. Ne4
Rxf3 22. Rxf3 Rxb2 23. Qxb2 Bxh6 24. Qb8+ Bc8 25. Qc7 Bf8 26. Qd8 Bf5 27. N2c3
Qc4 28. g4 Qd4+ 29. Kg2 Ng7 30. gxf5 gxf5 31. Nf2 h5 32. Qb8 c4 33. Qb1 Qe5 34.
Qc1 Kh7 35. Qe3 Qf6 36. Nce4 Qe5 37. Ng5+ Kg6 38. Qxe5 dxe5 39. Ne6 Nxe6 40.
dxe6 e4 41. Nxe4 Bg7 42. Nc3 Kf6 43. Re3 f4 44. Nd5+ Kg5 45. Nxe7 fxe3 46. Nd5
Bf8 47. Kf3 Kf5 48. e7 Bxe7 49. Nxe7+ Ke6 50. Nc6 Kd5 51. Nxa7 Kd4 52. Ke2 c3
53. Nb5+ Kc4 54. Nxc3 1-0